000 00283nam a2200121Ia 4500
008 151001s9999||||xx |||||||||||||| ||und||
245 _aपाठलाग
250 _a1
260 _bगिता एजन्सी
260 _c2005
300 _a200
365 _b21
999 _c985079
_d985076